RICS UK Economic Brief February 2007 (Record no. 106573)
[ view plain ]
| 000 -LEADER | |
|---|---|
| fixed length control field | 01277cam a2200229 4500 |
| 001 - CONTROL NUMBER | |
| control field | L136991 |
| 008 - FIXED-LENGTH DATA ELEMENTS--GENERAL INFORMATION | |
| fixed length control field | 070308s2007 xxk f 000 0 eng d |
| 035 ## - SYSTEM CONTROL NUMBER | |
| System control number | (Sirsi) u136991 |
| 041 0# - LANGUAGE CODE | |
| Language code of text/sound track or separate title | eng |
| 050 04 - LIBRARY OF CONGRESS CALL NUMBER | |
| Classification number | 333.33 $2 18 |
| 110 2# - MAIN ENTRY--CORPORATE NAME | |
| Corporate name or jurisdiction name as entry element | Royal Institution of Chartered Surveyors |
| Subordinate unit | Economics |
| 9 (RLIN) | 5033 |
| 245 00 - TITLE STATEMENT | |
| Title | RICS UK Economic Brief February 2007 |
| Remainder of title | strong global economic conditions put UK on course for higher interest rates |
| Medium | [electronic resource] |
| 260 ## - PUBLICATION, DISTRIBUTION, ETC. | |
| Place of publication, distribution, etc. | London |
| Name of publisher, distributor, etc. | RICS |
| Date of publication, distribution, etc. | 2007 |
| 490 #0 - SERIES STATEMENT | |
| Series statement | RICS UK Economic Brief |
| Volume/sequential designation | February 2007 |
| 520 ## - SUMMARY, ETC. | |
| Summary, etc. | Discusses the growth in the UK economy in the final quarter of 2006 , which has been accelerating since a low point in mid 2005. Reports that strength in the corporate sector has raised concerns over inflation pressures, particularly in wages, pointing to additional interest rate rises in the months ahead. Predicts higher interest rates despite renewed financial market volatility in late February as the global economic backdrop remains good. |
| 590 ## - LOCAL NOTE (RLIN) | |
| Local note | KA |
| 650 24 - SUBJECT ADDED ENTRY--TOPICAL TERM | |
| Topical term or geographic name entry element | RICS UK ECONOMIC BRIEF |
| 651 #4 - SUBJECT ADDED ENTRY--GEOGRAPHIC NAME | |
| Geographic name | United Kingdom |
| Chronological subdivision | |
| 690 ## - LOCAL SUBJECT ADDED ENTRY--TOPICAL TERM (OCLC, RLIN) | |
| Topical term or geographic name as entry element | PROPERTY-PROPERTY MARKET |
| 856 48 - ELECTRONIC LOCATION AND ACCESS | |
| Uniform Resource Identifier | <a href="https://www.rics.org/site/download_feed.aspx?fileID=863&fileExtension=PDF">https://www.rics.org/site/download_feed.aspx?fileID=863&fileExtension=PDF</a> |
| Public note | View the item free of charge at www.rics.org |
| 942 ## - ADDED ENTRY ELEMENTS (KOHA) | |
| Suppress in OPAC | 0 |
| Withdrawn status | Lost status | Source of classification or shelving scheme | Damaged status | Not for loan | Home library | Current library | Shelving location | Date acquired | Total Checkouts | Full call number | Barcode | Date last seen | Copy number | Price effective from | Koha item type |
|---|---|---|---|---|---|---|---|---|---|---|---|---|---|---|---|
| Dewey Decimal Classification | Virtual | Virtual | Online | 08/03/2007 | ONLINE PUBLICATION | 136991-1001 | 06/08/2019 | 1 | 06/08/2019 | Book |